Handbook on Active Pharmaceutical Ingredients (API), Drugs & Pharmaceutical Products/ (Record no. 203923)

MARC details
000 -LEADER
fixed length control field 00674nam a22001817a 4500
005 - DATE AND TIME OF LATEST TRANSACTION
control field 20240703163754.0
010 ## - LCCN (DPL NO)
LC control number ENG-140742
020 ## - INTERNATIONAL STANDARD BOOK NUMBER
Terms of availability 2495.00
International Standard Book Number 9788195577552
035 ## - SYSTEM CONTROL NUMBER
System control number EN-124274
037 ## - SOURCE OF ACQUISITION
Source of stock number/acquisition DBAD
082 ## - DEWEY DECIMAL CLASSIFICATION NUMBER
Classification number 615.19
100 ## - MAIN ENTRY--PERSONAL NAME
Personal name Dey, Ashish
245 ## - TITLE STATEMENT
Title Handbook on Active Pharmaceutical Ingredients (API), Drugs & Pharmaceutical Products/
Statement of responsibility, etc Ashish Dey
260 ## - PUBLICATION, DISTRIBUTION, ETC. (IMPRINT)
Place of publication, distribution, etc Delhi
Name of publisher, distributor, etc Niir Project Consultancy Services
Date of publication, distribution, etc 2019
270 ## - ADDRESS
City Delhi
Address 106-E, Opp. Spark Mall, Kamla Nagar
Postal code 110007
Telephone number 01123842955
-- 01123845886
-- 08800733955
Electronic mail address npcs.india@gmail.com
-- info@niir.org
300 ## - PHYSICAL DESCRIPTION
Extent xxii, 530p.
Dimensions 21cm (pb)
942 ## - ADDED ENTRY ELEMENTS (KOHA)
Source of classification or shelving scheme Dewey Decimal Classification
Item type English Books
Classification part 615.19
Call number suffix DEY
Holdings
Withdrawn status Lost status Not for loan Collection code Home library Current library Date acquired Source of acquisition Cost, normal purchase price Full call number Barcode Copy number Cost, replacement price Koha item type
      Non-fiction Central Library Central Library 03/07/2024 DBAD 2495.00 615.19 DEY EN-124274 1 2495.00 English Books

© Delhi Public Library
Hit Counter
free hit counter